000 00765nam a2200253Ia 4500
003 OSt
005 20220930065310.0
006 a|||||r|||| 00| 0
007 ta
008 220926b |||||||| |||| 00| 0 eng d
024 _a5410
037 _cTheses
040 _aCRL
_cCRL
_beng
041 _2eng
_aeng
100 _aParashar Renu
_9525682
110 _aUniversity of Delhi. Faculty of Science. Department of Chemistry
_9519399
245 0 _aDensity functional study of some reaction paths
260 _c1997
650 _aCHEMISTRY
700 _a Prof N K Ray Supervisor
700 _aUniversity of Delhi. Faculty of Science. Department of Chemistry
_9519402
942 _cDIS
_2CC
999 _c859359
_d859359